000 01116nam a22002657a 4500
001 BD-DhSAU 7469
003 BD-DhSAU
005 20230530124940.0
008 150422b2006 bg ||||| m||m 00| 0 eng d
040 _aBD-DhSAU
082 _222
_a630
_bSu59
100 _aSULTANA, MST. HABIBA
_eRegistration No. # 19-10201
245 _aInduction of drought tolerance capability of bari gom 30 (triticum aestivum l.) through urea and hydro priming /
_bMS thesis
260 _aSher-e- Bangla Agricultural University:
_bDepartment of Agronomy,
_c2021.
300 _aix, 72p.:
_b30 cm.
500 _aMS thesis of Department of agronomy, Faculty of Agriculture , Sher-e-Bangla Agricultural University, Dhaka, Bangladesh
590 _aNamul
650 _adrought tolerance capability
651 _abari gom 30 (triticum aestivum l.)
654 _aurea and hydro priming
700 _aProf. Dr. Md. Abdullahil Baque
_eSuperviser
700 _arof. Dr. A. K. M. Ruhul Amin
_eCo-Superviser
856 _uhttp://archive.saulibrary.edu.bd:8080/xmlui/handle/123456789/4891
942 _2ddc
_cTHESIS
999 _c16818
_d16817